Reconnaitrez-vous ces chanteurs/euses grâce à leur photo ? #4 - Statistiques

Statistiques générales
  • Ce quiz a été pris 119 fois
  • Le résultat moyen est 15 sur 25
Statistiques - réponses
Par images Réponse % Correct
Louane
96%
Vianney
93%
Michael Jackson
92%
Garou
91%
Amir
88%
Diam's
85%
Indila
82%
Clara Luciani
80%
Jul
77%
Madonna
73%
Sabrina Carpenter
61%
MC Solaar
59%
Laurent Voulzy
57%
Théodort
57%
Patricia Kaas
47%
David Hallyday
46%
Gazo
45%
Shawn Mendes
44%
Lana del Rey
41%
Julie Zenatti
40%
Marilyn Manson
39%
Rose
37%
Benson Boone
26%
Linh
15%
Karol G
11%
Aucun quiz correspondant
Distribution des résultats
% des personnes avec chaque résultat
Percentile par nombre de réponses
Votre historique - résultats
Vous n’avez pas pris ce quiz